00347nam a22000977a 4500008004100000020001500041082001600056245010100072260006700173300000900240230606b xxu||||| |||| 00| 0 eng d a9966767088 a339.5bMPND aBasic Report on Well-being in KenyabBased on Kenya Integrated Household Budget Survey - 2005/06 aNairobi,KenyabKenya National Bureau of StatisticscApril,2007 a104p